乃木坂46 5期生 - Statistics

General Stats
  • This quiz has been taken 163 times
  • The average score is 9 of 11
Answer Stats
Answer % Correct
井上和
94%
中西アルノ
90%
五百城茉央
88%
一ノ瀬美空
86%
冨里奈央
86%
小川彩
84%
奥田いろは
82%
岡本姫奈
80%
菅原咲月
80%
川﨑桜
78%
池田瑛紗
76%
No matching quizzes found
Score Distribution
Percent of People with Each Score
Percentile by Number Answered
Your Score History
You have not taken this quiz